Japan Statistical Yearbook 2022
Guardado en:
| Formato: | Libro |
|---|---|
| Lenguaje: | japonés inglés |
| Publicado: |
Tokyo
Statistics Bureau Ministry of Internal Affairs and Communications
2021
|
| Materias: | |
| Etiquetas: |
Sin Etiquetas, Sea el primero en etiquetar este registro!
|
MARC
| LEADER | 00000nam a2200000 4500 | ||
|---|---|---|---|
| 001 | 0282826 | ||
| 005 | 20240517074107.0 | ||
| 022 | |a 0389-9004 | ||
| 041 | 0 | |a jpn | |
| 041 | 0 | |a eng | |
| 044 | |a JP | ||
| 245 | 1 | 0 | |a Japan Statistical Yearbook 2022 |
| 264 | 1 | |a Tokyo |b Statistics Bureau Ministry of Internal Affairs and Communications |c 2021 | |
| 300 | |a 758 s. | ||
| 610 | 2 | 0 | |a Japonsko |
| 610 | 2 | 0 | |a geografia |
| 610 | 2 | 0 | |a populácia |
| 610 | 2 | 0 | |a makroekonomika |
| 610 | 2 | 0 | |a podnikanie |
| 610 | 2 | 0 | |a sektory hospodárske |
| 610 | 2 | 0 | |a trh práce |
| 610 | 2 | 0 | |a spoločnosť |
| 610 | 2 | 0 | |a kultúra |